01613nam a2200397 a 4500008004100000020001800041041000800059092001700067100002900084245006300113250001200176260003300188300001700221500014000238590004400378653001500422653001600437653001600453653002800469653001900497653002900516653002800545653003600573653004100609653003500650653001700685653001600702653004800718653001600766653010700782653004300889700004200932942001200974999001500986952021401001181121e2016 sp ||||f |||| 001 0 spa d a9788490229958 aspa c616l24sFAR1 aRozman, CirileDir.9449 aFarreras - Rozman. Medicina Interna. bT.2 /cCiril Rozman a18a ed. aBarcelona:bElsevier;c2016. a1287-2663 p. aRozman, C. (Dir.) y Cardellach López, F. (Subdir.). (2016). Farreras - Rozman. Medicina Interna. T.2 (18a ed.). Barcelona : Elsevier. aCompra Noviembre 2018. Fac. de Medicina aNeurologia aPsiquiatria aHematologia aMetabolismo y Nutricion aEndocrinologia aEnfermedades infecciosas aInfecciones bacterianas aInfecciones causadas por hongos aInfecciones causadas por parásitos aInfecciones causadas por virus aMiscelánea aToxicologia aEnfermedades causadas por agentes físicos aInmunologia aApéndice A: Tablas de referencia y valores normales de las pruebas de laboratorio más habituales.  aApéndice B. Glosario de abreviaturas1 aCardellach López, F.eSubdir.93988 2ddccBK c2837d2837 00102ddc40708REFaBFMbBFMcREFd2018-11-21eCompra Noviembre 2018. Fac. de Medicinal10m3o616 24 FARp4360r2024-03-04s2024-02-21tEj. 15 Vol. 2w2018-11-21yBKzCompra Noviembre 2018. Fac. de Medicina